مكتبة جامعة عجلون الوطنية

فهرس بحث المكتبة

دور المرابحة للآمر بالشراء في تنمية المشاريع الصغيرة في المصارف الاسلامية الاردنية2014-2018 = The Role of Al-Murabah To Purchase Order in the Development of Small Enterprises in Jordanian Islamic Banks 2014-2018 (Record no. 30262)

MARC details
000 -LEADER
fixed length control field 01285nam a2200241Ii 4500
003 - CONTROL NUMBER IDENTIFIER
control field JO-AjNU
005 - DATE AND TIME OF LATEST TRANSACTION
control field 20240624095623.0
008 - FIXED-LENGTH DATA ELEMENTS--GENERAL INFORMATION
fixed length control field 230605s9999||||xx |||||||||||||| ||und||
040 ## - CATALOGING SOURCE
Original cataloging agency JO-AjNU
Language of cataloging ara
Description conventions rda
Transcribing agency JO-AjNU
041 ## - LANGUAGE CODE
Language code of text/sound track or separate title ara
050 14 - LIBRARY OF CONGRESS CALL NUMBER
Classification number BP173.759 2019
100 #1 - MAIN ENTRY--PERSONAL NAME
Personal name فريحات، رحاب عيسى
Relator term معد
9 (RLIN) 65501
245 10 - TITLE STATEMENT
Title دور المرابحة للآمر بالشراء في تنمية المشاريع الصغيرة في المصارف الاسلامية الاردنية2014-2018 = The Role of Al-Murabah To Purchase Order in the Development of Small Enterprises in Jordanian Islamic Banks 2014-2018
Statement of responsibility, etc. اعداد رحاب عيسى فريحات : إشراف محي الدين يعقوب ابو الهول
260 ## - PUBLICATION, DISTRIBUTION, ETC.
Date of publication, distribution, etc. 2019
300 ## - PHYSICAL DESCRIPTION
Extent 93 ورقة
336 ## - CONTENT TYPE
Content type term text
Content type code txt
Source rdacontent
337 ## - MEDIA TYPE
Media type term unmediated
Media type code n
Source rdamedia
338 ## - CARRIER TYPE
Carrier type term volume
Carrier type code nc
Source rdacarrier
500 ## - GENERAL NOTE
General note رسالة جامعية ( اطروحة ماجستير) جامعة عجلون الوطنية: كلية ادارة الاعمال ، المصارف الاسلامية، 2019
650 #4 - SUBJECT ADDED ENTRY--TOPICAL TERM
Topical term or geographic name entry element المشاريع الصغيرة- المصارف الاسلامية-الاردن
9 (RLIN) 59333
700 #1 - ADDED ENTRY--PERSONAL NAME
Personal name ابو الهول، محي الدين يعقوب
9 (RLIN) 64950
Relator term مشرف
942 ## - ADDED ENTRY ELEMENTS (KOHA)
Source of classification or shelving scheme Library of Congress Classification
Koha item type Thesis
Holdings
Withdrawn status Lost status Source of classification or shelving scheme Damaged status Not for loan Home library Current library Shelving location Date acquired Total Checkouts Full call number Barcode Date last seen Price effective from Koha item type
    Library of Congress Classification     مكتبة جامعة عجلون الوطنية مكتبة جامعة عجلون الوطنية المراجع 24/06/2024   BP173.759 2019 A26694 06/06/2023 24/06/2024 Thesis
    Library of Congress Classification     مكتبة جامعة عجلون الوطنية مكتبة جامعة عجلون الوطنية المراجع 24/06/2024   BP173.759 2019 a26695 24/06/2024 24/06/2024 Thesis